Albums of the 80's - Statistics

General Stats
  • This quiz has been taken 208 times
  • The average score is 25 of 50
Answer Stats
Year Album Band/Musician % Correct
1982 Thriller Michael Jackson
96%
1984 Born in the U.S.A. Bruce Springsteen
95%
1980 Back in Black AC/DC
94%
1989 Like A Prayer Madonna
93%
1981 I Love Rock 'n' Roll Joan Jett & The Blackhearts
90%
1982 Rio Duran Duran
87%
1981 Physical Olivia Newton-John
85%
1983 Rebel Yell Billy Idol
84%
1987 Appetite for Destruction Guns N' Roses
84%
1983 Synchronicity The Police
79%
1986 True Colors Cyndi Lauper
78%
1985 Brothers in Arms Dire Straits
76%
1987 Hysteria Def Leppard
74%
1982 The Number of the Beast Iron Maiden
69%
1987 Sign "O" the Times Prince
68%
1984 1984 Van Halen
66%
1988 New Jersey Bon Jovi
63%
1989 Dr. Feelgood Motley Crue
58%
1988 ...And Justice for All Metallica
55%
1983 Eliminator ZZ Top
51%
1986 A Kind of Magic Queen
49%
1980 Love Stinks The J. Geils Band
47%
1983 Sports Huey Lewis and The News
46%
1987 Kick INXS
46%
1980 British Steel Judas Priest
45%
1981 Beauty and the Beat The Go-Go's
45%
1987 Permanent Vacation Aerosmith
41%
1984 Welcome to the Pleasuredome Frankie Goes to Hollywood
41%
1981 Private Eyes Hall & Oates
41%
1981 Escape Journey
40%
1989 Full Moon Fever Tom Petty
38%
1984 Heartbeat City The Cars
37%
1985 Centerfield John Fogerty
36%
1988 Open Up and Say... Ahh! Poison
36%
1986 The Way It Is Bruce Hornsby & The Range
35%
1980 Hi Infidelity REO Speedwagon
35%
1982 The Concert in Central Park Simon & Garfunkel
35%
1982 American Fool John Cougar Mellencamp
32%
1983 Texas Flood Stevie Ray Vaughn
32%
1986 Peace Sells... But Who's Buying? Megadeth
31%
1985 Knee Deep in the Hoopla Starship
29%
1988 Sunshine on Leith The Proclaimers
29%
1984 Out of the Cellar Ratt
26%
1989 Dirty Rotten Filthy Stinking Rich Warrant
23%
1985 Dare to Be Stupid "Weird Al" Yankovic
23%
1989 Let Love Rule Lenny Kravitz
21%
1985 Riptide Robert Palmer
16%
1986 Night Songs Cinderella
15%
1988 Introspective Pet Shop Boys
15%
1980 Age of Plastic The Buggles
14%
No matching quizzes found
Score Distribution
Percent of People with Each Score
Percentile by Number Answered
Your Score History
You have not taken this quiz